| 000 | 01296cam a2200337 a 4500 | ||
|---|---|---|---|
| 001 | 000006942 | ||
| 003 | DO-SdBNP | ||
| 005 | 20240708135737.0 | ||
| 006 | a||||gr|||| 00| 0 | ||
| 007 | ta | ||
| 008 | 870402e1986 cu ao b 000 ebspa | ||
| 040 |
_aDO-SdBNP _bspa _cBNPHU _erda |
||
| 082 | 4 |
_a972.9105 _bA447g _222 |
|
| 100 | 1 |
_aAlmeida Bosque, Juan, _d1927-2009. _919267 _eautor |
|
| 245 | 1 | 3 |
_aEl general en jefe Máximo Gómez / _cJuan Almeida Bosque ; edición, José Quintana Lara; cubierta e ilustraciones, Orlando Yanes; prólogo, Hortensia Pichardo Viñals |
| 264 | 1 |
_aLa Habana, Cuba : _bCiencias Sociales, _c1986 |
|
| 300 |
_ax, 148 páginas : _bilustraciones, fotografías ; _c19 cm. |
||
| 336 |
_2rdacontent _atexto _btxt |
||
| 337 |
_2rdamedia _asin mediación _bn |
||
| 338 |
_2rdacarrier _avolumen _bnc |
||
| 490 | 0 | _aEdiciones políticas | |
| 504 | _aBibliografía: páginas 147-148. | ||
| 590 | _aInventariado 2024 / MF | ||
| 600 | 1 | 0 |
_aGómez, Máximo, _d1836-1905 _912249 |
| 651 | 4 |
_aCuba _xHistoria _yLucha de la Revolución _919268 |
|
| 651 | 4 |
_aCuba _xHistoria _y1878-1895. _916132 |
|
| 700 | 1 |
_aQuintana Lara, José, _deditor _919269 |
|
| 700 | 1 |
_aYanes, Orlando, _eilustraciones _985993 |
|
| 700 | 1 |
_aPichardo Viñals, Hortensia, _d1904- _96802 _eprólogo |
|
| 942 |
_2ddc _cLBS1 |
||
| 999 |
_c6726 _d6726 |
||